00369pab a2200133 454500008004000000100002200040245005100062260000900113300001500122362001200137650003200149650001400181773004000195180718b2014 xxu||||| |||| 00| 0 eng d aBandi, Madhusudan aA review of panchayati institutions in Gujarat c2014 ap.369-380. aApr-Jun aPanchayat - India - Gujarat aPanchayat aIndian Journal of Political Science